ओढ (Record no. 193226)

MARC details
000 -LEADER
fixed length control field 00315nam a2200145Ia 4500
008 - FIXED-LENGTH DATA ELEMENTS--GENERAL INFORMATION
fixed length control field 090124s9999 xx 000 0 und d
082 ## - DEWEY DECIMAL CLASSIFICATION NUMBER
Item number 303589
245 ## - TITLE STATEMENT
Title ओढ
250 ## - EDITION STATEMENT
Edition statement 1
260 ## - PUBLICATION, DISTRIBUTION, ETC. (IMPRINT)
Name of publisher, distributor, etc महाजन छाया
Date of publication, distribution, etc 1997
300 ## - PHYSICAL DESCRIPTION
Extent 139
630 ## - SUBJECT ADDED ENTRY--UNIFORM TITLE
Uniform title ओढ
730 ## - ADDED ENTRY--UNIFORM TITLE
Uniform title ओढ
942 ## - ADDED ENTRY ELEMENTS (KOHA)
Koha item type Book
Holdings
Withdrawn status Lost status Damaged status Not for loan Home library Current library Date acquired Cost, normal purchase price Total Checkouts Full call number Barcode Date last seen Cost, replacement price Price effective from Koha item type
        Marathi Granth Sangrahalaya,Thane Marathi Granth Sangrahalaya,Thane   100.00   303589 THNMGS-303589 01/24/2009 100.00 01/24/2009 Book